Statystyki dla Quiz o Komorach

Kliknij tutaj aby rozwiązać quiz!

Ogólne statystyki

  • Ten quiz został rozwiązany 448 razy
  • Średni wynik to 8 z 14

Statystyki odpowiedzi

WskazówkaOdpowiedź% Poprawnych
Ocean, na którym Komory się znajdująOcean {Indyjski}
93%
Języki oficjalnefrancuski
92%
Najbliższe państwo kontynentalneMozambik
84%
Języki oficjalnearabski
70%
StolicaMoroni
66%
Pierwszy Europejczyk, który odwiedził Komory w 1503 rokuVasco da Gama
66%
Najpopularniejsza religiaSunnizm
63%
Pobliska wyspa, która w 1974 roku głosowała, aby pozostać
częścią Francji, zamiast dołączyć do Komorów
Majotta
50%
Rodzaj kryzysu politycznego, który spotkał Komory w
latach 1975, 1978, 1989, 1995 i 1999
Pucz
50%
Co Mount Karthala zrobił ponad 20 razy od 1900 roku?Wybuchł
40%
Języki oficjalnekomoryjski
39%
Wiele par będzie oszczędzać całe życie, żeby móc zapłacić
za to, co jest warte kilka rocznych pensji
Ślub
38%
Największa i najbardziej zaludniona wyspa KomorówWielki Komor
34%
Stanowi to 40% eksportu KomorówPrzyprawy
25%

Rozkład punktacji

Percentyl według liczby udzielonych odpowiedzi

Procent ludzi z każdym wynikiem

Twoja historia wyników

Nie rozwiązałeś tego quizu